000 00281nam a2200097Ia 4500
001 907967
005 20250826185044.0
008 250824s9999 xx 000 0 und d
245 0 _aDİNİ TERİMLER SÖZLÜĞÜ
_cAHMET NEDİM SERİNSU
260 _bMİLLİ EĞİTİM BAKANLIĞI YAYINLARI
999 _c907967
_d907967